Japan 76 : Today's machine tool industry

Gardado en:
Detalles Bibliográficos
Autor Corporativo: News Digest Publishing
Formato: Libro
Idioma:Undetermined
Publicado: Japan News Digest Publishing 1976
Những chủ đề:
Các nhãn: Engadir etiqueta
Sen Etiquetas, Sexa o primeiro en etiquetar este rexistro!
Thư viện lưu trữ: Trung tâm Học liệu Trường Đại học Cần Thơ
LEADER 00540nam a2200205Ia 4500
001 CTU_96441
008 210402s9999 xx 000 0 und d
082 |a 330.09 
082 |b N558 
110 |a News Digest Publishing 
245 0 |a Japan 76 : 
245 0 |b Today's machine tool industry 
245 0 |c News Digest Publishing 
260 |a Japan 
260 |b News Digest Publishing 
260 |c 1976 
650 |a Machinery industry 
650 |z Japan 
904 |i Giang 
980 |a Trung tâm Học liệu Trường Đại học Cần Thơ